Statystyki dla Do jakiego państwa? #2

Kliknij tutaj aby rozwiązać quiz!

Ogólne statystyki

  • Ten quiz został rozwiązany 1 480 razy
  • Średni wynik to 17 z 25

Statystyki odpowiedzi

Region/Wyspa/MiastoPaństwo% Poprawnych
SycyliaWłochy
97%
GrenlandiaDania
95%
WaliaWielka Brytania
95%
KujawyPolska
93%
KoloradoStany Zjednoczone
93%
DubajZjednoczone Emiraty Arabskie
93%
HawajeStany Zjednoczone
92%
Półwysep HelskiPolska
89%
UralRosja
89%
MadagaskarMadagaskar
88%
SarajewoBośnia i Hercegowina
86%
ValettaMalta
77%
SeatleStany Zjednoczone
76%
SenegambiaSenegal | Gambia
74%
AndaluzjaHiszpania
70%
NaddniestrzeMołdawia
70%
ToskaniaWłochy
69%
AntwerpiaBelgia
59%
JawaIndonezja
52%
TrypolisLibia
49%
BalearyHiszpania
41%
Nowa AkwitaniaFrancja
39%
BahiaBrazylia
15%
Wielki NefudArabia Saudyjska
14%
ZalaWęgry
8%

Rozkład punktacji

Percentyl według liczby udzielonych odpowiedzi

Procent ludzi z każdym wynikiem

Twoja historia wyników

Nie rozwiązałeś tego quizu